000 00893cam a22002411i 4500
003 SA-RiAUC
005 20260215125344.0
008 260211s1921 ua g 000 0 ara c
040 _aSA-JeALM
_bara
_cSA-RiAUC
_erda
082 0 4 _a228.9
090 _aم ن228.9
_bم و ل
100 1 _aالمولوي، عبد الستار الطيروي
_eمؤلف.
245 1 0 _aتبليغ الحق إلى عبد الحق /
_cعبد الستار الطيروي المولوي.
264 1 _aالقاهرة :
_bالجماعة الأحمدية اللاهورية،
_c[1921]
300 _a113 صفحة؛
_c29 سم.
336 _aنص
_btxt
_2rdacontent
_3كتاب
337 _aبدون وسيط
_bn
_2rdamedia
338 _aمجلد
_bnc
_2rdacarrier
630 2 7 _aالقرآن
_xتجويد
_2aucut
730 2 2 _aالقرآن
942 _2ddc
_cRBOOK COPY
_n0
949 _aSA-JeALM
_d260211
_umohamedma123
_n1
999 _c14331
_d14331